000 01052nac a22003131i 4500
003 EG-ScBUE
005 20250121102402.0
008 250121t2008 nyua f 001 0 eng d
020 _a9781584886808 (acid-free paper)
020 _a1584886803 (acid-free paper)
035 _a(OCoLC)ocn123485582
035 _a(OCoLC)123485582
040 _aEG-ScBUE
_beng
_erda
_cEG-ScBUE
_dEG-ScBUE
082 0 4 _a530
_bFIS
_222
100 1 _aFischer-Cripps, Anthon,
_eauthor.
245 1 4 _aThe materials physics companion /
_cA.C. Fischer-Cripps, New South Wales, Australia.
264 1 _aNew York :
_bTaylor & Francis,
_c[2008]
264 4 _cc2008
300 _av, 200 pages :
_billustrations ;
_c22 cm
336 _2rdacontent
_atext
_btxt
337 _aunmediated
_2rdamedia
_bn
338 _avolume
_bnc
_2rdacarrier
500 _aIncludes index.
650 7 _aPhysics.
_2BUEsh
650 7 _aMaterials.
_2BUEsh
655 _vReading book
856 4 1 _3Table of contents only
_uhttp://www.loc.gov/catdir/toc/ecip0716/2007016653.html
942 _cBB
_2ddc
999 _c7895
_d7895